Ser Protagonista Literatura: Parte III (Ensino Médio) (Record no. 126674)

MARC details
000 -LÍDER
campo de controle de tamanho fixo 00427 a2200181 4500
001 - NÚMERO DE CONTROLE
campo de controle 126674
020 ## - ISBN - INTERNATIONAL STANDARD BOOK NUMBER
ISBN - International Standard Book Number 9788541810005
040 ## - FONTE DA CATALOGAÇÃO
Instituição que transcreveu o registro Escola Canadense de Niteroi
100 ## - ENTRADA PRINCIPAL--NOME PESSOAL
Nome pessoal Edições SM
245 10 - TÍTULO
Título Ser Protagonista Literatura: Parte III (Ensino Médio)
250 ## - EDIÇÃO
Edição 1 ed.
260 ## - PUBLICAÇÃO, DISTRIBUIÇÃO, ETC.
Local de publicação, distribuição, etc. São Paulo
300 ## - DESCRIÇÃO FÍSICA
Extensão 567 p.
Outros detalhes físicos il.
362 0# - DATAS DE PUBLICAÇÃO E/OU DESIGNAÇÃO SEQUENCIAL
Datas de publicação e/ou designação sequencial 2015
490 0# - TÍTULO DA SÉRIE
Título da série Ser Protagonista
650 #4 - ASSUNTO--TERMO TÓPICO
Cabeçalho tópico ou nome geográfico Literatura
942 ## - ELEMENTOS DE ENTRADA ADICIONADOS (KOHA)
Tipo de material Koha Livros
Holdings
Situação do descarte Situação das perdas Situação física Não pode ser emprestado Biblioteca de origem Biblioteca atual Data de aquisição Total de empréstimos Código de barras Data de último acesso Data do preço efetivo Tipo de material Koha Devolução em Data do último empréstimo
        Canadian School of Niterói - Itacoatiara Canadian School of Niterói - Itacoatiara 09/02/2024   A24191 09/02/2024 09/02/2024 Livros    
        Canadian School of Niterói - Itacoatiara Canadian School of Niterói - Itacoatiara 09/02/2024 1 A23226 21/02/2024 09/02/2024 Livros 06/12/2024 21/02/2024
        Canadian School of Niterói - Piratininga Canadian School of Niterói - Piratininga 09/02/2024   A16899 09/02/2024 09/02/2024 Livros